papaya production in phomthorm commune keansvay district kandal province ផលិតកម្មដំណាំល្ហុងនៅឃុំភូមិធំ ស្រុកកើនស្វាយ ខេត្តកណ្តាល (Record no. 18076)

000 -LEADER
fixed length control field 00614nam a22001337a 4500
040 ## - CATALOGING SOURCE
Transcribing agency RUA
082 ## - DEWEY DECIMAL CLASSIFICATION NUMBER
Classification number GRS CHA 2017 B641 Or.1
100 ## - MAIN ENTRY--AUTHOR NAME
Personal name CHAN SOPHON ចាន់ សុផន
245 ## - TITLE STATEMENT
Title papaya production in phomthorm commune keansvay district kandal province ផលិតកម្មដំណាំល្ហុងនៅឃុំភូមិធំ ស្រុកកើនស្វាយ ខេត្តកណ្តាល
260 ## - PUBLICATION, DISTRIBUTION, ETC. (IMPRINT)
Place of publication RUA
Name of publisher Phnom penh
Year of publication 2017
300 ## - PHYSICAL DESCRIPTION
Number of Pages viii;30p
Other physical details ill;
Dimensions 29cm
856 ## - ELECTRONIC LOCATION AND ACCESS
Uniform Resource Identifier https://drive.google.com/file/d/1pDnCu_vzFRNT71gyQ5fH3J7TVUS1iDUs/view?usp=sharing
942 ## - ADDED ENTRY ELEMENTS (KOHA)
Koha item type GRS
952 ## - LOCATION AND ITEM INFORMATION (KOHA)
Withdrawn status [LOCAL, KOHA] 0
952 ## - LOCATION AND ITEM INFORMATION (KOHA)
Withdrawn status [LOCAL, KOHA] 0
952 ## - LOCATION AND ITEM INFORMATION (KOHA)
Withdrawn status [LOCAL, KOHA] 0
952 ## - LOCATION AND ITEM INFORMATION (KOHA)
Withdrawn status [LOCAL, KOHA] 0
952 ## - LOCATION AND ITEM INFORMATION (KOHA)
Withdrawn status [LOCAL, KOHA] 0
952 ## - LOCATION AND ITEM INFORMATION (KOHA)
Withdrawn status [LOCAL, KOHA] 0
952 ## - LOCATION AND ITEM INFORMATION (KOHA)
Withdrawn status [LOCAL, KOHA] 0
Holdings
Permanent Location Date acquired Koha item type Lost status Shelving location Barcode Current Location Full call number
Library Block B2019-07-26GRS B641A30465Library Block BGRS CHA 2017 B641 Or.1
Library Block B2019-07-26GRS B641A29426Library Block BGRS CHA 2017 B641 Or.2
Library Block B2019-07-26GRS B641A31234Library Block BGRS CHA 2017 B641 Or.3
Library Block B2019-07-26GRS B641A29774Library Block BGRS CHA 2017 B641 Or.4
Library Block B2019-07-26GRS B641A31794Library Block BGRS CHA 2017 B641 Or.5
Library Block B2019-07-26GRS B641A29624Library Block BGRS CHA 2017 B641 Or.6
Library Block B2019-07-26GRS B641A29699Library Block BGRS CHA 2017 B641 Or.6
មជ្ឈមណ្ឌលឯការនៃសាកលវិទ្យាល័យភូមិន្ទកសិកម្មចំការដូង

Powered by Koha